Farándula a la chilena : lo que hay detrás del fenómeno

Lo que se verá en el desarrollo de éste trabajo es, básicamente, analizar la irrupción de este "nuevo género periodístico", que en muchos casos ha desplazado al periodismo de espectáculo, re significando lo que es talento, éxito, etc. Más allá de lo entretenido que pueden resultar los programas de f...

Descripción completa

Detalles Bibliográficos
Autor principal: Gaete Helguero, Paula
Otros Autores: Arenas Romero, Rodolfo (profesor guía)
Formato: Tesis
Lenguaje:español
Publicado: Santiago, Chile: Universidad Academia de Humanismo Cristiano, 2010.
Materias:
Acceso en línea:Disponible en línea. Contenido parcial (PDF). Biblioteca Digital UAHC (disponible contenido parcial de la tesis a solicitud del autor)

MARC

LEADER 00000cam a2200000 a 4500
001 046709
003 UAHC_CL
005 20210909180218.0
008 100702s2010 cl 000 spa
952 |0 0  |1 0  |2 ddc  |4 0  |6 TPERIO_79_000000000000000  |7 0  |8 COMP  |9 84584  |a BC  |b BC  |c Referencia  |d 2017-08-03  |l 0  |o TPERIO 79  |p 1379518  |r 2019-01-07 00:00:00  |t 1  |w 2017-08-03  |y TS 
999 |c 46709  |d 46709 
040 |a UAHC_CL  |c UAHC_CL  |d UAHC_CL 
100 1 |a Gaete Helguero, Paula 
245 1 0 |a Farándula a la chilena :  |b lo que hay detrás del fenómeno  |c Paula Gaete Helguero. 
260 |a Santiago, Chile:  |b Universidad Academia de Humanismo Cristiano,  |c 2010. 
300 |a 1 cd rom 
500 |a Tesis para optar al título de periodista y al grado académico de Licenciado en Comunicación Social. 
502 |a Tesis (Periodismo)--Universidad Academia de Humanismo Cristiano, 2010. 
516 |a Tesis electrónica (PDF) 
520 |a Lo que se verá en el desarrollo de éste trabajo es, básicamente, analizar la irrupción de este "nuevo género periodístico", que en muchos casos ha desplazado al periodismo de espectáculo, re significando lo que es talento, éxito, etc. Más allá de lo entretenido que pueden resultar los programas de farándula, también destacar que no es necesario ser periodista para hablar del tema, surgiendo los famosos "opinólogos" que siendo actrices o modelos, pueden ocupar la tribuna para hablar de algún famosillo, que a su vez han obtenido la fama por enredos de faldas, celos, infidelidades, entre otras cosas. 
650 4 |a PERIODISMO 
650 4 |a Farándula 
700 1 |a Arenas Romero, Rodolfo  |e profesor guía 
856 |u http://bibliotecadigital.academia.cl/xmlui/handle/123456789/2134  |3 Disponible en línea. Contenido parcial (PDF). Biblioteca Digital UAHC (disponible contenido parcial de la tesis a solicitud del autor) 
900 |a TPERIO 79 
942 |c TS